Sports Quiz

Random Sports or NCAA Quiz

Northeast Conference Quiz Stats

 Plays Quiz Updated Feb 7, 2020

Support Sporcle.
Go Orange.
Score 0/20 Timer 05:00
4 Plays Today
% Correct
Long Island
53.6%
St. Francis (PA)
53.1%
Central Connecticut State
51.2%
Wagner College
50.3%
Bryant
48.8%
St. Francis (NY)
48.5%
Sacred Heart
48.4%
Bulldogs
48.2%
Mount St. Mary's
45.3%
Fairleigh Dickinson
40.8%
% Correct
Blue Devils
39.3%
Merrimack
39%
Sharks
36%
Seahawks
35.6%
Knights
35.1%
Warriors
33.5%
Red Flash
33.1%
Pioneers
32.9%
Terriers
32.7%
Mountaineers
30.5%

From the Vault

Any Player Besides Wayne Gretzky

by Boud

Sports 4m
Well, there goes your usual strategy for hockey quizzes.
Remove Ads.
Support Sporcle.
Get the best of Sporcle when you Go Orange. This ad-free experience offers more features, more stats, and more fun while also helping to support Sporcle. Thank you for becoming a member.

Show Comments

Extras

Top Quizzes Today


Score Distribution

Your Account Isn't Verified!

In order to create a playlist on Sporcle, you need to verify the email address you used during registration. Go to your Sporcle Settings to finish the process.

Report this User

Report this user for behavior that violates our Community Guidelines.

Details: